000 00283nam a22001337a 4500
008 170913b xxu||||| |||| 00| 0 eng d
020 _a072162012
041 _aeng
080 _a53
100 _a43
101 _aFIZ
245 _aPHYSICAL DIAGNOSIS
_cDELP.M.H
942 _2udc
_cBK
999 _c27399
_d27399